000 00235nam a2200097Ia 4500
005 20251222154431.0
008 251222s9999||||xx |||||||||||||| ||spa||
082 _a343.042/M61
245 0 _aReglamento nacional de tasaciones
942 _cLIB
999 _c36436
_d36436